000 00797nam a2200229 a 4500
001 BRCA_1073
005 20190320203251.0
008 190508s2000----fi-a---###---#000-0#eng-#
020 _a9519750983
050 4 _aNK2579
_b.O64 2000
245 1 0 _aOleta PyöreñTuoli
_bEero Aarnion 60-luku = Assume a Round Chair : Eero Aarnio and the 60´s.
260 _aHelsinki, Finlandia
_bTaidehalli
_c[2000]
300 _a117 p.
_bil. a color
_c23 cm.
504 _aBibliografía : p. 112
546 _aTexto en : inglés y finés
600 1 4 _aAarnio, Eero
_d1932-
_93534
650 1 4 _aSillas
_xDiseño
_zFinlandia
_93535
650 1 4 _aMuebles
_xDiseño
_zFinlandia
_93536
650 1 4 _aDiseñadores industriales
_zFinlandia
_93537
740 0 _aAssume a Round Chair : Eero Aarnio and the 60´s
942 _2lcc
_cB
999 _c952
_d952